|
|
|
|
| LEADER |
00000nab a2200000 a 4500 |
| 001 |
vtls000852036 |
| 003 |
SK-MaSNL |
| 005 |
20260426082017.0 |
| 008 |
250429c2003 xo 0 slo |
| 015 |
|
|
|a SNBRB2003/11-31802
|
| 035 |
|
|
|a CLN000203691
|
| 035 |
|
|
|a urn:nbn:sk:snk-abdqvz
|
| 035 |
|
|
|a (urnnbn)urn:nbn:sk:snk:ar-001865
|
| 035 |
|
|
|a (uuid)d82618c5-f432-44e9-ba48-75784e8f9724
|
| 040 |
|
|
|a SNKBUCL
|b slo
|c SNKBUCL
|e AACR2
|
| 041 |
0 |
|
|a slo
|
| 044 |
|
|
|a xo
|c SK
|
| 080 |
|
|
|a 793.32.091.4
|2 1997
|
| 080 |
|
|
|a 792.83
|2 1997
|
| 080 |
|
|
|a 792.027.5
|2 1997
|
| 100 |
1 |
|
|a Krupa, Joanna
|4 aut
|9 1282632
|
| 245 |
1 |
0 |
|a Stelesnený pohyb
|c Joanna Krupa
|
| 300 |
|
|
|b Fotogr.
|
| 611 |
1 |
7 |
|a Bratislava v pohybe (festival)
|n (7. :
|d 2003 :
|c Bratislava, Slovensko)
|2 snkbucl
|9 208006
|
| 651 |
|
7 |
|a Bratislava (Slovensko)
|2 snkbucl
|9 14568
|
| 655 |
|
7 |
|a články z novín a časopisov
|2 snkbucl
|9 267496
|
| 773 |
0 |
|
|t Javisko
|g Roč. 35, č. 5 (2003), s. 40-41
|x 0323-2883
|
| 850 |
|
|
|a Slovenská národná knižnica
|
| 852 |
|
|
|a Slovenská národná knižnica
|
| 954 |
|
|
|a odborná, vedecká literatúra pôvodná (slovenská)
|2 lita
|
| 958 |
|
|
|a article19
|
| 958 |
|
|
|a OND
|
| 958 |
|
|
|a SK
|
| 958 |
|
|
|a EUIPO
|
| 992 |
|
|
|a RBX
|
| 999 |
|
|
|c 2860185
|d 2862115
|